000 00589nam a2200193 i 4500
001 78285
003 ES-MaACL
005 20250808011948.0
007 t|
008 041013s1972 sp ||||1| spa d
100 1 _aHäring, Bernhard.
_961847
245 1 4 _aLos religiosos del futuro /
_cBernhard Häring ; [versión de Daniel Ruiz Bueno].
260 _aBarcelona :
_bHerder,
_c1972.
300 _a242 p. ;
_c22 cm.
650 7 _aVida monástica y religiosa
_2embne
_9165073
700 1 _aRuiz Bueno, Daniel.
_9100677
852 _aES-MaACL
_jC-43751
_bR.82860
999 _c78285
_d78285